An introduction to computational fluid dynamics : (Record no. 355593)
[ view plain ]
| 000 -LEADER | |
|---|---|
| fixed length control field | 00547 a2200193 4500 |
| 020 ## - INTERNATIONAL STANDARD BOOK NUMBER | |
| International Standard Book Number | 9780131274983 |
| 020 ## - INTERNATIONAL STANDARD BOOK NUMBER | |
| International Standard Book Number | 9780131274983 |
| 082 ## - DEWEY DECIMAL CLASSIFICATION NUMBER | |
| Classification number | 532 |
| 090 ## - LOCALLY ASSIGNED LC-TYPE CALL NUMBER (OCLC); LOCAL CALL NUMBER (RLIN) | |
| -- | 1712 |
| -- | 1712 |
| 100 1# - MAIN ENTRY--PERSONAL NAME | |
| Personal name | Versteeg, H. |
| 245 13 - TITLE STATEMENT | |
| Title | An introduction to computational fluid dynamics : |
| Remainder of title | the finite volume method / |
| Statement of responsibility, etc. | H. Versteeg, W. Malalasekera. |
| 250 ## - EDITION STATEMENT | |
| Edition statement | 2nd ed. |
| 260 ## - PUBLICATION, DISTRIBUTION, ETC. | |
| Place of publication, distribution, etc. | [S.l.] : |
| Name of publisher, distributor, etc. | Prentice Hall, |
| Date of publication, distribution, etc. | 2007. |
| 300 ## - PHYSICAL DESCRIPTION | |
| Extent | 520 p. ; |
| Dimensions | 25 cm. |
| 490 1# - SERIES STATEMENT | |
| Series statement | 2nd edition. |
| 700 1# - ADDED ENTRY--PERSONAL NAME | |
| Personal name | Malalasekera, W. |
| 830 #0 - SERIES ADDED ENTRY--UNIFORM TITLE | |
| Uniform title | 2nd edition. |
| 942 ## - ADDED ENTRY ELEMENTS (KOHA) | |
| Institution code [OBSOLETE] | SNS |
| Koha item type | Book |
| Call number prefix | 532 VER |
| Withdrawn status | Lost status | Source of classification or shelving scheme | Damaged status | Not for loan | Collection code | Permanent Location | Current Location | Shelving location | Date acquired | Source of acquisition | Cost, normal purchase price | Total Checkouts | Total Renewals | Full call number | Barcode | Date last seen | Date last checked out | Price effective from | Koha item type | Copy number |
|---|---|---|---|---|---|---|---|---|---|---|---|---|---|---|---|---|---|---|---|---|
| US-Pakistan Center for Advanced Studies in Energy (USPCAS-E) | US-Pakistan Center for Advanced Studies in Energy (USPCAS-E) | 11/03/2015 | Multiline Books | 22520.00 | 2 | 2 | 532 VER-I 2007 | CAS-E0000684 | 01/08/2024 | 10/31/2023 | 11/03/2015 | Book | ||||||||
| US-Pakistan Center for Advanced Studies in Energy (USPCAS-E) | US-Pakistan Center for Advanced Studies in Energy (USPCAS-E) | 11/03/2015 | Multiline Books | 22520.00 | 532 VER-I 2007 | CAS-E0000685 | 11/03/2015 | 11/03/2015 | Book | 2 | ||||||||||
| US-Pakistan Center for Advanced Studies in Energy (USPCAS-E) | US-Pakistan Center for Advanced Studies in Energy (USPCAS-E) | 11/03/2015 | Multiline Books | 22520.00 | 532 VER-I 2007 | CAS-E0000686 | 11/03/2015 | 11/03/2015 | Book | 3 |
